000 00412nam a2200181Ia 4500
005 20240823022214.0
008 240823s9999||||xx |||||||||||||| ||und||
041 _aENGLISH
082 _A005.133 P7
100 _aMalik D S
245 0 _aC++ Programming
250 _a3rd
260 _c2007
_b"Thompson,Aust"
500 _aYES
650 _aProgramming
_bComputer Science
942 _cBK
999 _c178608
_d178608